Реология нефти: учебное пособие

Sonraí bibleagrafaíochta
Príomhchruthaitheoir: Тетельмин В. В. Владимир Владимирович
Achoimre:В книге приводятся основные реологические модели текучих сред, которые используются при расчётах режимов течения нефти и нефтепродуктов. Даётся описание реологических свойств нефти и способов их экспериментального определения. Раскры­вается физическая сущность течения различных сортов нефти, относящихся к различным реологическим классам. Рассмотрены особенности течения вязкопластичной и псевдопластичной не­фти в магистральных трубопроводах, в порах и трещинах горных пород, включая упругий режим фильтрации. Даются принципы расчёта показателей добывающих скважин.Книга адресуется специалистам-технологам, профессиональ­но занимающимся добычей, транспортировкой и переработкой нефти, а также студентам, обучающимся по специальностям «Неф­тегазовое дело».
Teanga:Rúisis
Foilsithe / Cruthaithe: Долгопрудный, Интеллект, 2015
Eagrán:2-е изд., доп.
Sraith:Нефтегазовая инженерия
Ábhair:
Formáid: LEABHAR
KOHA link:https://koha.lib.tpu.ru/cgi-bin/koha/opac-detail.pl?biblionumber=282291

MARC

LEADER 00000nam0a2200000 4500
001 282291
005 20231101235502.0
010 |a 9785915591935 
035 |a (RuTPU)RU\TPU\book\306172 
090 |a 282291 
100 |a 20150129d2015 m y0rusy50 ca 
101 0 |a rus 
102 |a RU 
105 |a a j 001zy 
200 1 |a Реология нефти  |e учебное пособие  |f В. В. Тетельмин 
205 |a 2-е изд., доп. 
210 |a Долгопрудный  |c Интеллект  |d 2015 
215 |a 248 с.  |c ил. 
225 1 |a Нефтегазовая инженерия 
320 |a Библиогр.: с. 246-247. 
320 |a Глоссарий: с. 237-245. 
330 |a В книге приводятся основные реологические модели текучих сред, которые используются при расчётах режимов течения нефти и нефтепродуктов. Даётся описание реологических свойств нефти и способов их экспериментального определения. Раскры­вается физическая сущность течения различных сортов нефти, относящихся к различным реологическим классам. Рассмотрены особенности течения вязкопластичной и псевдопластичной не­фти в магистральных трубопроводах, в порах и трещинах горных пород, включая упругий режим фильтрации. Даются принципы расчёта показателей добывающих скважин.Книга адресуется специалистам-технологам, профессиональ­но занимающимся добычей, транспортировкой и переработкой нефти, а также студентам, обучающимся по специальностям «Неф­тегазовое дело». 
606 1 |a Нефтедобыча  |x Системы разработки  |x Физико-механические свойства  |2 stltpush  |3 (RuTPU)RU\TPU\subj\74787  |9 86793 
610 1 |a реология 
610 1 |a механические модели 
610 1 |a нефть 
610 1 |a состав 
610 1 |a нефтепродукты 
610 1 |a реометрия 
610 1 |a реологические свойства 
610 1 |a пластмассовые флюиды 
610 1 |a неньютоновские жидкости 
610 1 |a течение 
610 1 |a нефтяные месторождения 
610 1 |a разработка 
610 1 |a трубы 
610 1 |a перекачка 
610 1 |a углеводородные жидкости 
610 1 |a поверхностное натяжение 
610 1 |a адгезия 
610 1 |a добывающие скважины 
610 1 |a эксплуатация 
610 1 |a учебные пособия 
675 |a 622.276:53(075.8)  |v 4 
700 1 |a Тетельмин  |b В. В.  |g Владимир Владимирович 
801 1 |a RU  |b 63413507  |c 20150129 
801 2 |a RU  |b 63413507  |c 20151105  |g RCR 
900 |a Нефтегазовое дело 
942 |c BK 
959 |a 4/20150129  |d 10  |e 990,00  |f ЧЗТЛ:1  |f АНЛ:1  |f УФ:8 
959 |a 112/20150907  |d 10  |e 990,00  |f ЧЗТЛ:1  |f УФ:9